Catálogo
 En Linea

La ciudad indiana : (Registro nro. 33716)

Detalles MARC
000 -CABECERA
campo de control de longitud fija 00505nam a2200157 a 4500
001 - NÚMERO DE CONTROL
campo de control 000034225
005 - FECHA Y HORA DE LA ÚLTIMA TRANSACCIÓN
campo de control 20200930070901.0
008 - DATOS DE LONGITUD FIJA--INFORMACIÓN GENERAL
campo de control de longitud fija 110928s19uu ag 000 0 spa d
040 ## - FUENTE DE LA CATALOGACIÓN
Centro catalogador/agencia de origen DO-SdBNP
Lengua de catalogación spa
Centro/agencia transcriptor BNPHU
049 ## - FONDOS LOCALES (OCLC)
Fondos de biblioteca BNPD
100 1# - ENTRADA PRINCIPAL--NOMBRE DE PERSONA
Nombre de persona García, Juan Agustín
9 (RLIN) 59643
245 13 - MENCIÓN DE TÍTULO
Título La ciudad indiana :
Resto del título Buenos Aires desde 1600 hasta mediados del siglo XVIII /
Mención de responsabilidad, etc. Juan Agustín García.
250 ## - MENCIÓN DE EDICIÓN
Mención de edición 6a ed.
260 ## - PUBLICACIÓN, DISTRIBUCIÓN, ETC.
Lugar de publicación, distribución, etc. Buenos Aires :
Nombre del editor, distribuidor, etc. Ediciones Ángel Estrada,
Fecha de publicación, distribución, etc. [196-?].
300 ## - DESCRIPCIÓN FÍSICA
Extensión 375 p. ;
Dimensiones 24 cm.
Existencias
Estado de retiro Estado de pérdida Restricciones de uso No para préstamo Código de colección Localización permanente Ubicación/localización actual Ubicación en estantería Fecha de adquisición Número de inventario Total de préstamos Signatura topográfica completa Código de barras Fecha visto por última vez Precio válido a partir de Tipo de ítem Koha
      Excluido de préstamo Raros y valiosos Patrimonio Dominicano Patrimonio Dominicano En catalogación 28.09.2011 LF1   34225-10 25.06.2020 25.06.2020 No se presta

Con tecnología Koha